Fifth race : (Record no. 55718)

MARC details
000 -LEADER
fixed length control field 01040naa a2200253 4500
005 - DATE AND TIME OF LATEST TRANSACTION
control field 20110810145620.0
008 - FIXED-LENGTH DATA ELEMENTS--GENERAL INFORMATION
fixed length control field 110810t xxu||||| |||| 00| 0 eng d
010 ## - LCCN (DPL NO)
LC control number ENG-103363
020 ## - INTERNATIONAL STANDARD BOOK NUMBER
Terms of availability 300.00
International Standard Book Number 9789380572130
035 ## - SYSTEM CONTROL NUMBER
System control number EN-86896
037 ## - SOURCE OF ACQUISITION
Source of stock number/acquisition DBAD/PUB
040 ## - CATALOGING SOURCE
Original cataloging agency DPL
Language of cataloging Eng
082 ## - DEWEY DECIMAL CLASSIFICATION NUMBER
Classification number 230.2
100 ## - MAIN ENTRY--PERSONAL NAME
9 (RLIN) 32587
Personal name Tiwari, Arun
245 1# - TITLE STATEMENT
Title Fifth race :
Statement of responsibility, etc by Arun Tiwari
Remainder of title the final adjustment of the human organism as recorded in the Bhagavad -Gita /
260 ## - PUBLICATION, DISTRIBUTION, ETC. (IMPRINT)
Place of publication, distribution, etc Pune
Name of publisher, distributor, etc Menaka Prakashan
Date of publication, distribution, etc 2011
270 ## - ADDRESS
Address 2117, Sadashiv Peth,Vijaynagar Colony
City Pune
Postal code 411030
Telephone number 9823696960
Electronic mail address sales@menakaprakashan.com
300 ## - PHYSICAL DESCRIPTION
Extent xvi,210p.
Dimensions 22cm (pbk)
500 ## - GENERAL NOTE
General note Includes bibliographical references
700 ## - ADDED ENTRY--PERSONAL NAME
9 (RLIN) 33086
942 ## - ADDED ENTRY ELEMENTS (KOHA)
Institution code [OBSOLETE] dpl
Item type English Books
Source of classification or shelving scheme Dewey Decimal Classification
Call number suffix TIW
Classification part 230.2
Holdings
Withdrawn status Lost status Source of classification or shelving scheme Damaged status Not for loan Collection code Home library Current library Date acquired Source of acquisition Cost, normal purchase price Total Checkouts Full call number Barcode Date last seen Copy number Cost, replacement price Koha item type
    Dewey Decimal Classification     Non-fiction D.B.Act.Division D.B.Act.Division 19/08/2011 DBAD/PUB 300.00   230.2TIW EN-86896 19/08/2011 1 300.00 English Books

© Delhi Public Library
Hit Counter
free hit counter